Právne a účtovné aspekty predaja podniku diplomová práca

Guardado en:
Detalles Bibliográficos
Autor principal: Krajčoviechová, Jana
Autor Corporativo: Fakulta hospodárskej informatiky EU. Katedra účtovníctva a audítorstva
Otros Autores: Mateášová, Martina, 1979-
Formato: Libro
Lenguaje:eslovaco
Publicado: Bratislava 2009
Etiquetas: Agregar Etiqueta
Sin Etiquetas, Sea el primero en etiquetar este registro!

MARC

LEADER 00000nam$a2200000$$$4500
001 0100959
005 20240318134837.5
041 0 |a slo 
044 |a SK 
245 1 0 |a Právne a účtovné aspekty predaja podniku  |b diplomová práca  |c Jana Krajčoviechová ; škol. Martina Mateášová 
264 1 |a Bratislava  |c 2009 
300 |a 66 s. 
100 1 |a Krajčoviechová, Jana 
700 1 |a Mateášová, Martina, 1979- 
710 2 |a Fakulta hospodárskej informatiky EU. Katedra účtovníctva a audítorstva